|
|
|
|
| LEADER |
00000cam a2200000 7i4500 |
| 001 |
0000075681 |
| 005 |
20171106.0 |
| 008 |
171003 |
| 020 |
|
|
|a 9789670874302
|
| 041 |
0 |
|
|a Malay
|
| 090 |
0 |
0 |
|a FIM
|b MAL
|
| 100 |
0 |
|
|a Fimirae
|
| 245 |
0 |
0 |
|a Dahlia gua punyer!
|c Fimirae
|
| 260 |
|
|
|a Kuala Lumpur :
|b Kaki Novel Sdn Bhd ,
|c 2016
|
| 300 |
|
|
|a 480p. :
|b 18cm
|
| 500 |
|
|
|a Novel Malay
|
| 541 |
0 |
0 |
|c Purchased on 2017
|
| 650 |
|
0 |
|a Malay fiction
|
| 999 |
|
|
|a 0001478504
|b Book
|c Adult Collection
|e Cawangan Bandar Penawar
|
| 999 |
|
|
|a 0001478506
|b Book
|c Adult Collection
|e Cawangan Tmn. Ungku Tun Aminah
|
| 999 |
|
|
|a 0001478507
|b Book
|c Adult Collection
|e Cawangan Bukit Gambir
|
| 999 |
|
|
|a 0001478508
|b Book
|c Adult Collection
|e Cawangan Pontian
|
| 999 |
|
|
|a 0001478509
|b Book
|c Adult Collection
|e Cawangan Muar
|
| 999 |
|
|
|a 0001478510
|b Book
|c Adult Collection
|e Cawangan Sri Merlong
|
| 999 |
|
|
|a 0001478511
|b Book
|c Adult Collection
|e Cawangan Batu Pahat
|
| 999 |
|
|
|a 0001478512
|b Book
|c Adult Collection
|e Cawangan Segamat
|
| 999 |
|
|
|a 0001478513
|b Book
|c Adult Collection
|e Cawangan Mersing
|
| 999 |
|
|
|a 0001478514
|b Book
|c Adult Collection
|e Cawangan Taman Sri Lambak
|
| 999 |
|
|
|a 0001478515
|b Book
|c Adult Collection
|e Cawangan Bandar Tenggara
|
| 999 |
|
|
|a 0001478516
|b Book
|c Adult Collection
|e Cawangan Taman Universiti
|
| 999 |
|
|
|a 0001478517
|b Book
|c Adult Collection
|e Cawangan Kota Tinggi
|
| 999 |
|
|
|a 0001481029
|b Book
|c Adult Collection
|e Perbadanan Perpustakaan Awam Johor
|
| 999 |
|
|
|a 0001481031
|b Book
|c Adult Collection
|e Cawangan Urban Transformation Centre
|
| 999 |
|
|
|a 0001743246
|b Book
|c Adult Collection
|e Cawangan Sri Merlong
|